Normal view
MARC view
- جاغوب، خالد حميدان اسعد
Entry Personal Name
001 - CONTROL NUMBER
- control field: 66162
003 - CONTROL NUMBER IDENTIFIER
- control field: JO-AjAnu
005 - DATE AND TIME OF LATEST TRANSACTION
- control field: 20240908135642.0
008 - FIXED-LENGTH DATA ELEMENTS
- fixed length control field: 240908|| aca||aabn | a|a d
040 ## - CATALOGING SOURCE
- Original cataloging agency: JO-AjAnu
100 ## - HEADING--PERSONAL NAME
- Personal name: جاغوب، خالد حميدان اسعد